| 000 | 00702nam a2200229 a 4500 | ||
|---|---|---|---|
| 005 | 20240228064143.0 | ||
| 008 | 140821s2010 mx r 000 0 spa d | ||
| 020 | _a9786074696240 SEP | ||
| 020 | _a9786078126019 Colofón | ||
| 035 | _aUPN01000198996 | ||
| 049 | _aI | ||
| 050 | 4 |
_aPZ74.7 _bA4.77 |
|
| 100 | 1 |
_aAlbo, Pablo, _d1971- _932369 |
|
| 245 | 1 | 3 |
_aEl tragaldabas / _cPablo Albo ; il. Maurizio A. C. Quarello. |
| 260 |
_aMéxico : _bSEP : _bColofón, _c2010. |
||
| 300 |
_a[40] p. : _bil. col. |
||
| 440 | 0 |
_aLibros del rincón. _pPasos de luna |
|
| 650 | 4 |
_aLiteratura infantil española _95892 |
|
| 650 | 4 |
_aLibros y lectura para niños _92290 |
|
| 905 | _aInfantil | ||
| 999 |
_c171097 _d171097 |
||